| 000 | 00561cam a22001697a 4500 | ||
|---|---|---|---|
| 008 | 180718b2008 xxu||||| |||| 00| 0 eng d | ||
| 020 | _a81 250 3398 X | ||
| 082 | _aT2 C762i | ||
| 245 |
_aIndustrial development for the 21st century _cedited by David O'Connor and Monica Kjollerstrom |
||
| 260 |
_aHyderabad _bOrient Longman _c2008 |
||
| 300 | _a430p. | ||
| 650 | _aDeveloping countries --Economic conditions --21st century | ||
| 650 | _aSustainable development | ||
| 650 | _aIndustrialization | ||
| 700 | _aKjollerstrom, Monica | ||
| 700 | _aO'Connor, David | ||
| 999 |
_c415280 _d415280 |
||